[Event "POL-chT2"]
[Site "Poronin"]
[Date "2013.09.11"]
[Round "5.60"]
[White "Kasperek, Joanna"]
[Black "Starczewska, Dominika"]
[Result "1/2-1/2"]
[WhiteElo "2013"]
[BlackElo "1938"]
[PlyCount "82"]
[EventDate "2013.09.06"]
[EventType "team-swiss"]
[EventRounds "9"]
[EventCountry "POL"]
[SourceTitle "EXT 2015"]
[Source "ChessBase"]
[SourceDate "2014.11.20"]
[SourceVersion "1"]
[SourceVersionDate "2014.11.20"]
[SourceQuality "1"]
[WhiteTeam "Debica Gryf"]
[BlackTeam "Pegow Wieza"]
[WhiteTeamCountry "POL"]
[BlackTeamCountry "POL"]

1. e4 c5 2. Nf3 e6 3. d4 cxd4 4. Nxd4 Nc6 5. Nb5 d6 6. c4 a6 7. Nd4 Qb6 8. Nxc6 bxc6 9. Nc3 Nf6 10. Be2 Be7 11. 0-0 0-0 12. Qc2 Bb7 13. Be3 Qc7 14. f4 c5 15. Bf3 Nd7 16. Rad1 Rad8 17. Kh1 Nb8 18. b3 Nc6 19. Ne2 Bf6 20. Qb1 a5 21. Ng3 Bd4 22. Bc1 a4 23. f5 axb3 24. axb3 Qe7 25. Bb2 Bxb2 26. Qxb2 Nd4 27. b4 exf5 28. Nxf5 Nxf5 29. exf5 Bxf3 30. Rxf3 cxb4 31. Qxb4 Qe5 32. f6 Rb8 33. Qd2 Rb2 34. Qf4 Qxf4 35. Rxf4 gxf6 36. h3 Rb6 37. Rxf6 Rc8 38. Rd4 Rb1+ 39. Kh2 Rc1 40. Rg4+ Kf8 41. Rgf4 Rc7 1/2-1/2

[Event "Krakow op-B 23rd"]
[Site "Krakow"]
[Date "2012.12.30"]
[Round "5"]
[White "Kasperek, Joanna"]
[Black "Kuspak, Aleksander"]
[Result "1/2-1/2"]
[WhiteElo "2032"]
[BlackElo "1918"]
[PlyCount "53"]
[EventDate "2012.12.27"]
[EventType "swiss"]
[EventRounds "9"]
[EventCountry "POL"]
[SourceTitle "CBM 152 Extra"]
[Source "ChessBase"]
[SourceDate "2013.02.25"]
[SourceVersion "1"]
[SourceVersionDate "2013.02.25"]
[SourceQuality "1"]

1. e4 c5 2. Nf3 e6 3. d4 cxd4 4. Nxd4 a6 5. c4 d6 6. Nc3 Nf6 7. Bd3 g6 8. 0-0 Bg7 9. Be3 0-0 10. Qe2 b6 11. f4 Nbd7 12. Rad1 Bb7 13. Nb3 Qc7 14. h3 Nc5 15. Nxc5 bxc5 16. Qf2 Rac8 17. g4 Qc6 18. Kh2 Nd7 19. Ne2 Bxb2 20. Ng3 Bg7 21. f5 exf5 22. gxf5 Be5 23. Bh6 Nf6 24. Bf4 Rfe8 25. Bc2 Red8 26. Kh1 Re8 27. Kh2 1/2-1/2

[Event "Krakow op-B 23rd"]
[Site "Krakow"]
[Date "2012.12.29"]
[Round "4"]
[White "Gora, Antonina"]
[Black "Kasperek, Joanna"]
[Result "1/2-1/2"]
[WhiteElo "1842"]
[BlackElo "2032"]
[PlyCount "20"]
[EventDate "2012.12.27"]
[EventType "swiss"]
[EventRounds "9"]
[EventCountry "POL"]
[SourceTitle "CBM 152 Extra"]
[Source "ChessBase"]
[SourceDate "2013.02.25"]
[SourceVersion "1"]
[SourceVersionDate "2013.02.25"]
[SourceQuality "1"]

1. e4 c5 2. Nf3 Nc6 3. d4 cxd4 4. Nxd4 g6 5. Be3 Bg7 6. c4 Nf6 7. Nc3 Ng4 8. Nxc6 Nxe3 9. Nxd8 Nxd1 10. Nxd1 Kxd8 1/2-1/2

[Event "Rewal op-A 17th"]
[Site "Rewal"]
[Date "2012.08.28"]
[Round "7"]
[White "Lewtak, Damian"]
[Black "Kasperek, Joanna"]
[Result "1/2-1/2"]
[WhiteElo "2269"]
[BlackElo "2018"]
[PlyCount "57"]
[EventDate "2012.08.20"]
[EventType "swiss"]
[EventRounds "9"]
[EventCountry "POL"]
[SourceTitle "CBM 150 Extra"]
[Source "ChessBase"]
[SourceDate "2012.10.19"]
[SourceVersion "1"]
[SourceVersionDate "2012.10.19"]
[SourceQuality "1"]

1. e4 c5 2. Nf3 e6 3. d3 d5 4. Nbd2 Nc6 5. g3 b6 6. Bg2 Bb7 7. 0-0 Nf6 8. e5 Nd7 9. Re1 Qc7 10. Qe2 Be7 11. c3 g5 12. h3 h5 13. Nf1 0-0-0 14. Bxg5 Bxg5 15. Nxg5 Ndxe5 16. f4 Rdg8 17. Nxe6 fxe6 18. fxe5 Kb8 19. h4 d4 20. a4 Ne7 21. Bxb7 Qxb7 22. Qe4 Nf5 23. Qxb7+ Kxb7 24. Kf2 Rf8 25. Kg2 Rhg8 26. Re4 Rg6 27. cxd4 cxd4 28. Rc1 Rfg8 29. Kf2 1/2-1/2